| 000 | 00749nam a2200241 i 4500 | ||
|---|---|---|---|
| 001 | 177681 | ||
| 003 | ES-MaACL | ||
| 005 | 20230906220403.0 | ||
| 008 | 110412s1985 sp |||| | spa d | ||
| 020 | _a84-505-2639-6 | ||
| 080 | _a347.5(035) | ||
| 100 | 1 |
_aPellicer Ibran, Pere. _9146120 |
|
| 245 | 1 | 0 |
_aCómo subcontratar / _cPere Pellicer, Joaquim Solà. |
| 260 |
_aMadrid : _bInstituto de la Pequeña y Mediana Empresa Industrial, _c[1985] |
||
| 300 |
_a83 p. ; _c21 cm. |
||
| 490 | 1 |
_aManuales IMPI ; _v11 |
|
| 504 | _aBibliografía: p. 82. | ||
| 650 | 1 | 4 |
_aSubcontratación. _9146122 |
| 700 | 1 |
_aSolà, Joaquim. _9146121 |
|
| 830 | 0 |
_aManuales IMPI ; _v11 _9190542 |
|
| 852 |
_aES-MaACL _jE-14878 _xOlim P-518 |
||
| 999 |
_c177681 _d177681 |
||